[Event "Bhopal op"]
[Site "Bhopal"]
[Date "2019.12.25"]
[Round "7"]
[White "Daakshin, Arun"]
[Black "Rathneesh, R."]
[Result "0-1"]
[WhiteElo "1760"]
[BlackElo "2006"]
[PlyCount "150"]
[EventDate "2019.12.21"]
[EventType "swiss"]
[EventRounds "10"]
[EventCountry "IND"]
[SourceTitle "CBM 194 Extra"]
[Source "ChessBase"]
[SourceDate "2020.03.31"]
[SourceVersion "1"]
[SourceVersionDate "2020.03.31"]
[SourceQuality "1"]

1. d4 Nf6 2. c4 e6 3. Nc3 Bb4 4. e3 0-0 5. Bd3 c5 6. Nge2 d5 7. cxd5 cxd4 8. exd4 Nxd5 9. 0-0 Nc6 10. Qc2 h6 11. Rd1 Bd6 12. Nxd5 exd5 13. Ng3 Bg4 14. Be2 Nb4 15. Qd2 Qh4 16. Bxg4 Qxg4 17. a3 Bxg3 18. axb4 Bd6 19. b5 Rfe8 20. Qd3 Re6 21. h3 Qh4 22. Be3 Rg6 23. Kf1 Qe7 24. Re1 Qd7 25. Re2 Bf8 26. b3 Rb6 27. Rea2 Qxb5 28. Qxb5 Rxb5 29. Rxa7 Rxa7 30. Rxa7 Rxb3 31. Ra8 f6 32. Rd8 Rb5 33. Bf4 Kf7 34. Rd7+ Ke6 35. Rd8 Be7 36. Rc8 Rb2 37. Rb8 g5 38. Be3 b5 39. Rb6+ Bd6 40. h4 b4 41. hxg5 hxg5 42. Rb5 Ra2 43. g3 Be7 44. Ke1 Bd6 45. Bd2 Kd7 46. Rxd5 Kc6 47. Rxd6+ Kxd6 48. Bxb4+ Kd5 49. Be7 Ra6 50. Kf1 Kxd4 51. Kg2 Ke4 52. Bd8 Kf5 53. Be7 Ra7 54. Bc5 Rd7 55. Be3 Ke4 56. Bc5 Rc7 57. Be3 Rc2 58. Bb6 Rd2 59. Bc5 Kf5 60. Be3 Rd1 61. Bc5 Kg4 62. Be7 f5 63. f3+ Kh5 64. f4 Rd2+ 65. Kf1 g4 66. Bc5 Kg6 67. Be3 Ra2 68. Bd4 Kf7 69. Kg1 Ke6 70. Kh1 Kd5 71. Bg1 Ke4 72. Bh2 Kf3 73. Bg1 Kxg3 74. Be3 Rh2+ 75. Kg1 Re2 0-1

[Event "Goa op 1st"]
[Site "Taleigao"]
[Date "2018.10.13"]
[Round "1"]
[White "Rathneesh, R."]
[Black "Karthik, Venkataraman"]
[Result "0-1"]
[WhiteElo "1957"]
[BlackElo "2525"]
[PlyCount "82"]
[EventDate "2018.10.13"]
[EventType "swiss"]
[EventRounds "10"]
[EventCountry "IND"]
[SourceTitle "CBM 186 Extra"]
[Source "ChessBase"]
[SourceDate "2018.08.24"]
[SourceVersion "1"]
[SourceVersionDate "2018.08.24"]
[SourceQuality "1"]

1. e4 c5 2. Nc3 d6 3. f4 Nc6 4. Nf3 g6 5. Bc4 Bg7 6. 0-0 Nf6 7. d3 0-0 8. Qe1 Nd4 9. Bb3 a5 10. Nxd4 cxd4 11. Nd5 Nxd5 12. Bxd5 e6 13. Bc4 d5 14. exd5 exd5 15. Bb5 a4 16. Qb4 Qb6 17. b3 a3 18. Bd2 Rd8 19. Ba4 Qc7 20. Be1 Bf5 21. Bf2 Qxc2 22. Bxd4 Bxd4+ 23. Qxd4 Qxd3 24. Qxd3 Bxd3 25. Rfd1 Ba6 26. b4 Be2 27. Rd2 Rxa4 28. Rxe2 Rxb4 29. g3 d4 30. Rd1 Rb2 31. Kf2 Rc8 32. Rdd2 d3 33. Rxd3 Rcc2 34. Rxc2 Rxc2+ 35. Kg1 Rxa2 36. Rb3 Ra1+ 37. Kg2 a2 38. Ra3 b5 39. Kh3 b4 40. Ra8+ Kg7 41. Kg4 b3 0-1

[Event "IND-ch U15"]
[Site "Kolkata"]
[Date "2018.07.25"]
[Round "11"]
[White "Mendonca, Leon Luke"]
[Black "Rathneesh, R."]
[Result "1-0"]
[WhiteElo "2241"]
[BlackElo "1948"]
[PlyCount "127"]
[EventDate "2018.07.17"]
[EventType "swiss"]
[EventRounds "11"]
[EventCountry "IND"]
[SourceTitle "CBM 186 Extra"]
[Source "ChessBase"]
[SourceDate "2018.08.24"]
[SourceVersion "1"]
[SourceVersionDate "2018.08.24"]
[SourceQuality "1"]

1. Nf3 Nf6 2. g3 g6 3. b3 Bg7 4. Bb2 0-0 5. Bg2 d6 6. d4 c5 7. 0-0 Bf5 8. c4 Qd7 9. Nc3 cxd4 10. Nxd4 Bh3 11. e4 Bxg2 12. Kxg2 Nc6 13. Nxc6 bxc6 14. Qe2 h5 15. h3 Qe6 16. Rae1 h4 17. g4 g5 18. e5 Nh7 19. exd6 Qxe2 20. Rxe2 exd6 21. Rd1 Rfd8 22. Ne4 d5 23. Bxg7 dxe4 24. Rxd8+ Rxd8 25. Bb2 Re8 26. f3 exf3+ 27. Kxf3 Rd8 28. Re7 Nf8 29. Rxa7 Ne6 30. Bc1 Rd1 31. Be3 Rh1 32. Kg2 Re1 33. Kf2 Rh1 34. Kg2 Re1 35. Bf2 Nf4+ 36. Kf3 Rf1 37. Rc7 Nxh3 38. Kg2 Rxf2+ 39. Kxh3 Rxa2 40. Rxc6 Rb2 41. Rb6 Kf8 42. c5 Rc2 43. b4 Rc3+ 44. Kh2 Rc2+ 45. Kh1 Rc1+ 46. Kg2 Rc2+ 47. Kf3 h3 48. Rh6 h2 49. Ke4 Rb2 50. Kd5 Rxb4 51. Rxh2 Ke7 52. Re2+ Kd7 53. Re4 Rxe4 54. Kxe4 Kc6 55. Kd4 Kc7 56. Ke5 Kc6 57. Kf6 Kxc5 58. Kxf7 Kd6 59. Kf6 Kd7 60. Kxg5 Ke7 61. Kh6 Kf7 62. g5 Kf8 63. Kh7 Kf7 64. g6+ 1-0

[Event "Trichy Pro Chess op 1st"]
[Site "Trichy"]
[Date "2017.11.17"]
[Round "4"]
[White "Saravana, Krishnan P"]
[Black "Rathneesh, R."]
[Result "1-0"]
[WhiteElo "2366"]
[BlackElo "1827"]
[PlyCount "57"]
[EventDate "2017.11.16"]
[EventType "swiss"]
[EventRounds "8"]
[EventCountry "IND"]
[SourceTitle "EXT 2019"]
[Source "ChessBase"]
[SourceDate "2018.10.10"]
[SourceVersion "1"]
[SourceVersionDate "2018.10.10"]
[SourceQuality "1"]

1. e4 c5 2. Nf3 Nc6 3. Bb5 e5 4. 0-0 Nge7 5. a4 g6 6. d3 Bg7 7. Nc3 0-0 8. h3 h6 9. Nh2 Nd4 10. Bc4 d6 11. f4 exf4 12. Bxf4 Kh7 13. Nd5 f5 14. c3 Ne6 15. Bd2 fxe4 16. Rxf8 Qxf8 17. dxe4 Nc6 18. Be3 Ne5 19. Bb5 Qd8 20. Nf3 Bd7 21. Nxe5 Bxe5 22. Qf3 Qe8 23. Nf6+ Bxf6 24. Qxf6 Bxb5 25. axb5 Ng7 26. Qxd6 Qxb5 27. Rf1 Re8 28. Rf7 Qe2 29. Bxc5 1-0

[Event "IND-ch U17"]
[Site "Saravanampatty"]
[Date "2017.10.29"]
[Round "8"]
[White "Dhananjay, S."]
[Black "Rathneesh, R."]
[Result "1-0"]
[WhiteElo "2248"]
[BlackElo "1857"]
[PlyCount "105"]
[EventDate "2017.10.24"]
[EventType "swiss"]
[EventRounds "11"]
[EventCountry "IND"]
[SourceTitle "CBM 181 Extra"]
[Source "ChessBase"]
[SourceDate "2017.12.12"]
[SourceVersion "1"]
[SourceVersionDate "2017.12.12"]
[SourceQuality "1"]

1. g3 c5 2. Bg2 Nc6 3. c4 g6 4. Nc3 Bg7 5. a3 e6 6. b4 Nxb4 7. axb4 cxb4 8. d4 bxc3 9. e3 Ne7 10. Ne2 d5 11. cxd5 exd5 12. Nxc3 0-0 13. Ba3 Be6 14. 0-0 Qd7 15. Bxe7 Qxe7 16. Nxd5 Qd7 17. Qf3 Rfd8 18. Nf4 Bc4 19. Qxb7 Qxb7 20. Bxb7 Bxf1 21. Bxa8 Rxa8 22. Kxf1 a5 23. Ra4 Bf8 24. Ke2 Bd6 25. Nd5 f5 26. Nb6 Rb8 27. Nd5 Rb5 28. Kd3 Rb2 29. Rxa5 Rxf2 30. Ra7 Rxh2 31. Nf6+ Kf8 32. Nxh7+ Kg8 33. Nf6+ Kf8 34. g4 fxg4 35. Nxg4 Rg2 36. Nf6 g5 37. e4 g4 38. e5 Be7 39. Nd5 Bg5 40. e6 Rd2+ 41. Ke4 g3 42. Rf7+ Kg8 43. Rf3 Re2+ 44. Kd3 Rd2+ 45. Kc3 Ra2 46. Kb3 g2 47. Rg3 Rf2 48. Rxg5+ Kf8 49. Kc3 Re2 50. Kd3 Rxe6 51. Rxg2 Kf7 52. Ne3 Kf6 53. d5 1-0

[Event "IND-ch U13 31st"]
[Site "Jalandhar"]
[Date "2017.06.27"]
[Round "9"]
[White "Rathneesh, R."]
[Black "Aaryan, Varshney"]
[Result "1/2-1/2"]
[WhiteElo "1971"]
[BlackElo "1752"]
[PlyCount "60"]
[EventDate "2017.06.21"]
[EventType "swiss"]
[EventRounds "11"]
[EventCountry "IND"]
[SourceTitle "CBM 179 Extra"]
[Source "ChessBase"]
[SourceDate "2017.08.23"]
[SourceVersion "1"]
[SourceVersionDate "2017.08.23"]
[SourceQuality "1"]

1. e4 e5 2. Nf3 Nf6 3. Nc3 Bb4 4. Nxe5 0-0 5. Nd3 Bxc3 6. dxc3 Nxe4 7. Be2 Re8 8. 0-0 b6 9. Bf3 Bb7 10. Nf4 d6 11. Re1 Nd7 12. Nd5 Ndf6 13. Nxf6+ Qxf6 14. Be3 Nc5 15. Bxb7 Nxb7 16. Qd5 Nc5 17. Bxc5 dxc5 18. Qd7 Rxe1+ 19. Rxe1 Qd8 20. Re7 Qxd7 21. Rxd7 Rc8 22. b4 cxb4 23. cxb4 Kf8 24. Kf1 Ke8 25. Rd3 Rd8 26. Ke2 Rxd3 27. Kxd3 Kd7 28. Kd4 Kd6 29. b5 c6 30. c4 cxb5 1/2-1/2

[Event "IND-ch U13 31st"]
[Site "Jalandhar"]
[Date "2017.06.26"]
[Round "8"]
[White "Samip, Roy"]
[Black "Rathneesh, R."]
[Result "1/2-1/2"]
[WhiteElo "1774"]
[BlackElo "1971"]
[PlyCount "47"]
[EventDate "2017.06.21"]
[EventType "swiss"]
[EventRounds "11"]
[EventCountry "IND"]
[SourceTitle "CBM 179 Extra"]
[Source "ChessBase"]
[SourceDate "2017.08.23"]
[SourceVersion "1"]
[SourceVersionDate "2017.08.23"]
[SourceQuality "1"]

1. e4 c5 2. Nc3 Nc6 3. g3 g6 4. Bg2 Bg7 5. Nge2 e6 6. 0-0 Nge7 7. d3 0-0 8. Be3 Nd4 9. Qd2 d6 10. Rab1 Rb8 11. b4 Nec6 12. b5 Ne7 13. Nd1 d5 14. c3 Nxe2+ 15. Qxe2 b6 16. Bf4 e5 17. Bg5 f6 18. Bd2 Be6 19. c4 d4 20. f4 Qd7 21. Bf3 Rbe8 22. fxe5 fxe5 23. Nf2 Ra8 24. a4 1/2-1/2

[Event "IND-ch U13 31st"]
[Site "Jalandhar"]
[Date "2017.06.22"]
[Round "3"]
[White "Rathneesh, R."]
[Black "Saypuri, Srithan"]
[Result "1-0"]
[WhiteElo "1971"]
[BlackElo "1715"]
[PlyCount "61"]
[EventDate "2017.06.21"]
[EventType "swiss"]
[EventRounds "11"]
[EventCountry "IND"]
[SourceTitle "CBM 179 Extra"]
[Source "ChessBase"]
[SourceDate "2017.08.23"]
[SourceVersion "1"]
[SourceVersionDate "2017.08.23"]
[SourceQuality "1"]

1. e4 c5 2. Nf3 d6 3. d4 cxd4 4. Nxd4 Nf6 5. Nc3 g6 6. Be3 Bg7 7. f3 Nc6 8. Qd2 0-0 9. Bc4 Bd7 10. 0-0-0 Rb8 11. Bb3 Na5 12. h4 b5 13. Kb1 Nxb3 14. Nxb3 b4 15. Nd5 Nxd5 16. exd5 Qc7 17. Bh6 Bxh6 18. Qxh6 Bf5 19. Rc1 Rfc8 20. h5 Qc4 21. Qd2 gxh5 22. Qg5+ Bg6 23. Rh4 Qc7 24. Nd4 Kh8 25. Nc6 Rb5 26. Nxe7 Kg7 27. Rxh5 b3 28. Rxh7+ Kxh7 29. Rh1+ Kg7 30. Nf5+ Kg8 31. Rh8+ 1-0

[Event "IND-ch U13 31st"]
[Site "Jalandhar"]
[Date "2017.06.21"]
[Round "1"]
[White "Rathneesh, R."]
[Black "Jai, Mehtani"]
[Result "1-0"]
[WhiteElo "1971"]
[BlackElo "1345"]
[PlyCount "45"]
[EventDate "2017.06.21"]
[EventType "swiss"]
[EventRounds "11"]
[EventCountry "IND"]
[SourceTitle "CBM 179 Extra"]
[Source "ChessBase"]
[SourceDate "2017.08.23"]
[SourceVersion "1"]
[SourceVersionDate "2017.08.23"]
[SourceQuality "1"]

1. e4 c5 2. Nf3 Nc6 3. d4 cxd4 4. Nxd4 g6 5. Nc3 Bg7 6. Be3 Nf6 7. Bc4 0-0 8. Bb3 Ng4 9. Qxg4 Nxd4 10. Qd1 Ne6 11. 0-0 d6 12. f4 Qa5 13. Nd5 Re8 14. f5 Nc5 15. Qf3 Qd8 16. fxg6 fxg6 17. Bxc5 dxc5 18. Nc7+ Kh8 19. Nxa8 Qa5 20. Rad1 c4 21. Qf7 Qc5+ 22. Kh1 Rf8 23. Qxc4 1-0

[Event "Bhubaneswar Pillai Memorial"]
[Site "Bhubaneswar"]
[Date "2016.11.23"]
[Round "8"]
[White "Rathneesh, R."]
[Black "Mani, Bharathy"]
[Result "1/2-1/2"]
[WhiteElo "1737"]
[BlackElo "1869"]
[PlyCount "57"]
[EventDate "2016.11.20"]
[EventType "swiss"]
[EventRounds "11"]
[EventCountry "IND"]
[SourceTitle "CBM 175 Extra"]
[Source "ChessBase"]
[SourceDate "2016.12.12"]
[SourceVersion "1"]
[SourceVersionDate "2016.12.12"]
[SourceQuality "1"]

1. d4 Nf6 2. Nc3 d5 3. Bg5 Nbd7 4. f3 e6 5. e4 dxe4 6. fxe4 h6 7. Bh4 Be7 8. e5 Nd5 9. Bxe7 Qxe7 10. Qd2 Nxc3 11. bxc3 b6 12. Nf3 Bb7 13. Be2 f5 14. exf6 gxf6 15. Nh4 Qf7 16. Bf3 c6 17. Qe2 0-0-0 18. Qc4 Kc7 19. 0-0 Qg8 20. Rae1 e5 21. Qxg8 Rhxg8 22. Nf5 Rg6 23. Be4 h5 24. Nd6 Rg7 25. Nxb7 Kxb7 26. Bf5 Rdg8 27. Bh3 Kc7 28. Re2 Rg6 29. Bf5 1/2-1/2

[Event "Bhubaneswar Pillai Memorial"]
[Site "Bhubaneswar"]
[Date "2016.11.21"]
[Round "4"]
[White "Rathneesh, R."]
[Black "Sahu, Sekhar Chandra"]
[Result "0-1"]
[WhiteElo "1737"]
[BlackElo "2185"]
[PlyCount "114"]
[EventDate "2016.11.20"]
[EventType "swiss"]
[EventRounds "11"]
[EventCountry "IND"]
[SourceTitle "CBM 175 Extra"]
[Source "ChessBase"]
[SourceDate "2016.12.12"]
[SourceVersion "1"]
[SourceVersionDate "2016.12.12"]
[SourceQuality "1"]

1. d4 Nf6 2. Nc3 d5 3. Bg5 c6 4. f3 Qb6 5. Rb1 Bf5 6. g4 Bd7 7. Bh4 e6 8. e3 c5 9. Nge2 Nc6 10. Qd2 cxd4 11. exd4 Rc8 12. a3 Na5 13. Nf4 Bd6 14. Ng2 0-0 15. Bxf6 gxf6 16. Bd3 Kg7 17. Ne2 Nc4 18. Qc1 Rfe8 19. g5 f5 20. Bxc4 Rxc4 21. c3 e5 22. Ne3 exd4 23. Nxc4 dxc4 24. cxd4 f4 25. Qc2 Qa5+ 26. Kf2 Bf5 27. Qxc4 Qd2 28. Rbd1 Qe3+ 29. Kg2 Qxe2+ 30. Qxe2 Rxe2+ 31. Kf1 Rxb2 32. h4 b5 33. Re1 Rd2 34. h5 Kf8 35. g6 fxg6 36. hxg6 Bxg6 37. Re6 Rxd4 38. Rh2 Kf7 39. Re1 Rd3 40. Rb2 Rxa3 41. Rd1 Rxf3+ 42. Kg2 Rg3+ 43. Kh2 Rd3 44. Rxd3 Bxd3 45. Rd2 f3+ 46. Kh1 Be2 47. Rd5 Ke6 48. Rd2 Bc4 49. Rf2 Be2 50. Kg1 Bc5 51. Kh1 Bxf2 52. Kh2 Be1 53. Kh3 Kf5 54. Kh2 Kg4 55. Kh1 f2 56. Kh2 h5 57. Kh1 f1Q+ 0-1